15 melhores times da Europa - Statistics

Estatísticas Gerais
  • Esse quiz foi jogado 867 vezes
  • A pontuação média é 14 de 15
Estatísticas das Respostas
Imagem Resposta % Correto
Barcelona
98%
Paris
98%
Real Madrid
98%
Juventus
96%
Chelsea
95%
Liverpool
95%
Manchester City
95%
Roma
95%
Ajax
94%
Manchester United
93%
Bayern
90%
Atlético de Madrid
89%
Sevilla
87%
Tottenham
87%
Leipzig
74%
Nenhum quiz correspondente encontrado
Distribuição das Pontuações
Porcentagem de Pessoas com Cada Pontuação
Percentil de Números Respondidos
Sua Pontuação Histórica
Você não jogou esse quiz